01126nam a22001697a 4500003000900000005001700009008004100026040001300067110009200080245018400172260004800356300004000404500028900444650005300733651004200786856012800828BR-ViAPE20260508150106.0260508s1923 por gss|||f001 0 por d cBR-ViAPE aMinistério da Agricultura, Indústria e ComérciobDiretoria Geral de Estatística aRecenseamento do Brasil, realizado em 1 de setembro de 1920: brelação dos proprietários dos estabelecimentos rurais recenseados no Estado do Espírito Santo - Nova Almeida aRio de JaneirobTyp. da Estatísticac1923 a15 p.bDocumento digitalizado (PDF) a500 __ $a Documento integrante do Recenseamento do Brasil de 1920, contendo levantamento estatístico e nominal de estabelecimentos rurais do município de Nova Almeida (ES).aDocumento digitalizado do acervo institucional do Arquivo Público do Estado do Espírito Santo - APEES. aPropriedade ruralxHistóriazNova Almeida (ES) aSerra (ES)zEspírito Santo (Brasil) uhttps://ape.es.gov.br/Media/ape/PDF/Recenseamento/Recenseamento_1920_Nova_Almeida.pdfyCLIQUE AQUI PARA ACESSAR O DOCUMENTO